000 00194nam a22000737a 4500
999 _c23942
_d23942
003 Nust
005 20170308120946.0
008 140428b xxu||||| |||| 00| 0 eng d
020 _cAvailable
_a8177584251
040 _cRCMS
082 _a005.8 BIS
100 _aBishop, Matt
245 _aIntroduction to Computer Security
260 _aIndia
_bDorling Kindersley
_cc2006
300 _axxix,585,p.
_bill:
_c26,cm.
650 _aComputer Security
856 _3Table of contents only
_uhttp://www.loc.gov/catdir/toc/ecip0716/2007017469.html
942 _2ddc
_cBK